[Event "Johannesburg PSS Prestige op"]
[Site "Johannesburg"]
[Date "2017.04.22"]
[Round "7"]
[White "Bornheim, Craig"]
[Black "Steyn, Hans"]
[Result "1-0"]
[WhiteElo "1968"]
[BlackElo "1820"]
[PlyCount "77"]
[EventDate "2017.04.22"]
[EventType "swiss (rapid)"]
[EventRounds "10"]
[EventCountry "RSA"]
[SourceTitle "CBM 177 Extra"]
[Source "ChessBase"]
[SourceDate "2017.04.27"]
[SourceVersion "1"]
[SourceVersionDate "2017.04.27"]
[SourceQuality "1"]

1. d4 Nf6 2. c4 g6 3. Nc3 Bg7 4. e4 d6 5. Nf3 0-0 6. Be2 e5 7. 0-0 Nc6 8. d5 Ne7 9. Ne1 Nd7 10. Be3 f5 11. f3 f4 12. Bf2 g5 13. Nd3 Nf6 14. c5 h5 15. cxd6 cxd6 16. a4 g4 17. Kh1 Rf7 18. a5 Bf8 19. Nb5 Rg7 20. Nxa7 Bd7 21. Bb6 Qe8 22. Rc1 h4 23. Rc7 Qg6 24. Ne1 h3 25. gxh3 gxf3 26. Bxf3 Bxh3 27. Rg1 Bg4 28. Rxb7 Nxe4 29. Rxg4 Nf2+ 30. Bxf2 Qf5 31. Rxg7+ Kxg7 32. Qd3 Qh3 33. Nc6 Re8 34. Bg2 Qc8 35. a6 Kg8 36. Nxe7+ Rxe7 37. Qg6+ Rg7 38. Rxg7+ Bxg7 39. Qe6+ 1-0